Normal view
MARC view
Entry Personal Name
001 - CONTROL NUMBER
- control field: 12449
003 - CONTROL NUMBER IDENTIFIER
- control field: PK-LaUMT
005 - DATE AND TIME OF LATEST TRANSACTION
- control field: 20260608144939.0
008 - FIXED-LENGTH DATA ELEMENTS
- fixed length control field: 260608|| aca||aabn | a|a d
040 ## - CATALOGING SOURCE
- Original cataloging agency: PK-LaUMT
- Transcribing agency: PK-LaUMT
100 ## - HEADING--PERSONAL NAME
- Personal name: Drougas, Anne M
670 ## - SOURCE DATA FOUND
- Source citation: Work cat.: (PK-LaUMT)141030: Business statistics and analytics in practice /, 2019
